[Event "Let's Play 13"]
[Site "http://www.queenalice.com/game.php?id=1461033"]
[Date "2017.1.24"]
[Round "-"]
[White "digger"]
[Black "leking"]
[Result "1-0"]
[WhiteElo "1653"]
[BlackElo "1426"]

1. d4 Nf6 2. c3 d6 3. f3 Nc6 4. d5 Ne5 5. Bf4 g6 6. Bxe5 dxe5 7. e4 Bg7 8. Bd3
O-O 9. Ne2 Nd7 10. O-O Nb6 11. Na3 Bd7 12. f4 f6 13. fxe5 fxe5 14. c4 e6 15.
dxe6 Bxe6 16. c5 Nd7 17. b4 Qe7 18. Qa4 c6 19. Rf2 Rxf2 20. Kxf2 Qf7+ 21. Kg1
Bh6 22. Nc3 Be3+ 23. Kh1 Bd4 24. Rc1 1-0

[Event "Let's Play 14"]
[Site "http://www.queenalice.com/game.php?id=1461034"]
[Date "2017.1.24"]
[Round "-"]
[White "leking"]
[Black "digger"]
[Result "0-1"]
[WhiteElo "1434"]
[BlackElo "1645"]

1. e4 e5 2. Nf3 d6 3. Nc3 c5 4. Bc4 Bg4 5. d3 Nc6 6. Be3 Qb6 7. Rb1 a5 8. Nd5
Qd8 9. Bb5 Be6 10. Bxc6+ bxc6 11. Nc3 d5 12. exd5 cxd5 13. Ne2 d4 14. Bd2 Bxa2
15. Ra1 Be6 16. Nxe5 a4 17. Ra3 Qb8 18. O-O Qxe5 19. Ng3 c4 20. Re1 Qd5 21. dxc4
Qxc4 22. Ne4 Bxa3 23. bxa3 Ne7 0-1

[Event "AUTO-INT-3154"]
[Site "http://www.queenalice.com/game.php?id=1461205"]
[Date "2017.1.26"]
[Round "2"]
[White "leking"]
[Black "ulisses67"]
[Result "1-0"]
[WhiteElo "1454"]
[BlackElo "1468"]

1. e4 e5 2. Nf3 d5 3. exd5 Qxd5 4. Nc3 Qa5 5. Qe2 Nc6 6. Qb5 Ne7 7. Be2 a6 8.
Qxa5 Nxa5 9. O-O Ng6 10. Re1 Nc6 11. Rd1 Nb4 12. Rb1 Bf5 13. d3 1-0

[Event "AUTO-INT-3154"]
[Site "http://www.queenalice.com/game.php?id=1461206"]
[Date "2017.1.26"]
[Round "2"]
[White "ulisses67"]
[Black "leking"]
[Result "0-1"]
[WhiteElo "1486"]
[BlackElo "1436"]

1. e4 e5 2. Qh5 Nc6 3. Bc4 g6 4. Qf3 Qf6 5. Qxf6 Nxf6 6. Nc3 Be7 7. Nf3 O-O 8.
h4 d6 9. Nb5 Ne8 10. d3 a6 11. Nc3 Nf6 12. Ng5 Nd8 13. f3 Bd7 0-1

[Event "Conexão Reporte"]
[Site "http://www.queenalice.com/game.php?id=1461452"]
[Date "2017.1.27"]
[Round "-"]
[White "leking"]
[Black "zubarev"]
[Result "0-1"]
[WhiteElo "1438"]
[BlackElo "1909"]

1. e4 e5 2. Nf3 Nc6 3. Nc3 Nf6 4. d4 d6 5. d5 Ne7 6. Be2 Ng6 7. Bg5 Be7 8. Qd2
O-O 9. O-O-O Ne8 10. g3 f5 11. h4 fxe4 12. Nxe4 Nf6 13. h5 Nxe4 14. Qe3 Nxg5 15.
hxg6 Nxf3 16. gxh7+ Kh8 17. Bxf3 Bg5 0-1

[Event "Let's Play Chess!"]
[Site "http://www.queenalice.com/game.php?id=1486438"]
[Date "2017.7.17"]
[Round "-"]
[White "ulisses34"]
[Black "leking"]
[Result "0-1"]
[WhiteElo "1762"]
[BlackElo "1419"]

1. e4 e5 2. Nf3 Nc6 3. c3 d5 4. Bd3 Nf6 5. Qb3 Bd7 6. exd5 Na5 7. Qc2 Bd6 8. c4
b6 9. Nc3 O-O 10. Ne4 Nxe4 11. Bxe4 Qe7 12. d3 f6 13. Nd2 Nb7 14. Nf3 f5 0-1

[Event "Let's Play Chess!"]
[Site "http://www.queenalice.com/game.php?id=1486701"]
[Date "2017.7.19"]
[Round "-"]
[White "Rider"]
[Black "leking"]
[Result "1-0"]
[WhiteElo "1609"]
[BlackElo "1449"]

1. c3 d5 2. d4 Nf6 3. Nf3 Nc6 4. Bf4 a6 5. Qd3 e6 6. Nbd2 Bd6 7. Bxd6 Qxd6 8. e3
O-O 9. Be2 h6 10. O-O Bd7 11. c4 Nb4 12. c5 Nxd3 13. cxd6 Nb4 14. dxc7 Rfc8 15.
Rfc1 Rxc7 16. Rxc7 1-0

[Event "PARTIE 1"]
[Site "http://www.queenalice.com/game.php?id=1486703"]
[Date "2017.7.19"]
[Round "-"]
[White "leking"]
[Black "chessplayer123"]
[Result "0-1"]
[WhiteElo "1439"]
[BlackElo "1824"]

1. e4 e5 2. Nf3 d6 3. Nc3 Nc6 4. Bb5 Bd7 5. O-O Nf6 6. Re1 Be7 7. d3 Nd4 8.
Bxd7+ Qxd7 9. Nxd4 exd4 10. Nb1 O-O 11. Nd2 c5 12. h3 b5 13. f3 Qc6 14. Nb3 a5
15. Bd2 a4 16. Nc1 Rfe8 17. Ne2 b4 18. Nf4 Kh8 19. Rf1 a3 20. b3 Nd7 21. Re1 Ne5
22. Nd5 Rab8 23. f4 Ng6 24. Qg4 Qc8 25. Qxc8 Rbxc8 26. g4 Bh4 27. Re2 Bd8 28.
Rf1 Ba5 29. Be1 Ne7 30. Bg3 Nxd5 0-1

[Event "Champagne 1984"]
[Site "http://www.queenalice.com/game.php?id=1549787"]
[Date "2018.11.19"]
[Round "-"]
[White "zubarev"]
[Black "leking"]
[Result "1-0"]
[WhiteElo "1874"]
[BlackElo "1429"]

1. d4 d5 2. Nc3 Nf6 3. Nf3 Nc6 4. e3 a6 5. Bd3 Bg4 6. O-O e6 7. Be2 Bd6 8. Ne1
Bxe2 9. Qxe2 Qe7 10. f4 O-O-O 11. Nf3 h6 12. Bd2 Nb4 13. a3 Nc6 14. Ne5 Bxe5 15.
fxe5 Nd7 16. Qf3 Rdf8 17. Ne2 f6 18. c3 fxe5 19. Qg3 g5 20. Qh3 Nf6 21. dxe5 Ne4
22. Rxf8+ Rxf8 23. Be1 Nxe5 24. Nd4 g4 25. Qxh6 Qf6 26. Qxf6 Rxf6 27. Bh4 Rh6
28. g3 c5 29. Ne2 Nd2 30. Kg2 Ndf3 31. Nf4 Nxh4+ 32. gxh4 Rxh4 33. Nxe6 Nd3 34.
b3 Kd7 35. Nf8+ Ke8 36. Ne6 b6 37. Nc7+ Kd7 38. Nxd5 Kc6 39. c4 b5 40. Kg3 Rh5
41. Rh1 bxc4 42. bxc4 Nb2 43. Kxg4 Rh8 44. h4 Nxc4 45. Ne7+ Kd6 46. Nf5+ Ke5 47.
Rc1 Ke4 48. Rxc4+ Kd3 49. Rxc5 Rg8+ 50. Kf4 Rg1 51. h5 Rf1+ 52. Kg5 1-0

[Event "eGuinorante"]
[Site "http://www.queenalice.com/game.php?id=1550495"]
[Date "2018.11.24"]
[Round "-"]
[White "zubarev"]
[Black "leking"]
[Result "1-0"]
[WhiteElo "1686"]
[BlackElo "1437"]

1. d4 Nf6 2. c4 g6 3. Nf3 d6 4. e3 Bg7 5. Bd3 O-O 6. O-O Nc6 7. Nc3 Bg4 8. Be2
d5 9. c5 Ne4 10. a3 Nxc3 11. bxc3 Bxf3 12. Bxf3 e6 13. Bd2 Qe7 14. Re1 Rad8 15.
Qc1 f5 16. Qb2 Na5 17. Qb4 Nc6 18. Qxb7 Qd7 19. Qa6 Rb8 20. Rab1 Bf6 21. Rxb8
Rxb8 22. h3 Rb7 23. Qxb7 1-0

[Event "Thaís Teixeira"]
[Site "http://www.queenalice.com/game.php?id=1550496"]
[Date "2018.11.24"]
[Round "-"]
[White "leking"]
[Black "zubarev"]
[Result "0-1"]
[WhiteElo "1431"]
[BlackElo "1872"]

1. e4 e5 2. Nf3 Nc6 3. Nc3 d6 4. Bb5 Bd7 5. O-O Be7 6. d3 Nf6 7. Bg5 O-O 8. Bxf6
Bxf6 9. Nd5 Be6 10. Nxf6+ Qxf6 11. Bxc6 bxc6 12. Qd2 Rab8 13. b3 d5 14. Qg5 Qxg5
15. Nxg5 h6 16. Nxe6 fxe6 17. Rae1 d4 18. a4 c5 19. Rb1 Rb7 20. f3 Kf7 21. Rf2
Ke7 22. g3 Kd6 23. f4 exf4 24. gxf4 g6 25. Kg2 c6 26. h4 h5 27. Rbf1 Ke7 28. Kg3
Kf6 29. e5+ Ke7 30. f5 exf5 31. Kf4 Ke6 32. Rg1 Rg8 33. Re2 Rd7 34. Reg2 Rdg7
35. Rg3 Kd5 36. Re1 Re8 37. e6 Rxe6 38. Rg2 Rxe1 0-1